Kórejskí manažéri: harmónia verzus temperament

Tradície kórejskej kultúry. Návod na komunikáciu s kórejskými manažérmi. Pohľad na základné rozdiely v komunikácii.

Na minha lista:
Detalhes bibliográficos
Autor principal: Borec, Tomáš
Formato: Capítulo de Livro
Idioma:eslovaco
Assuntos:
Tags: Adicionar Tag
Sem tags, seja o primeiro a adicionar uma tag!

MARC

LEADER 00000naa$a2200000$$$4500
001 0090444
005 20230929121731.4
041 0 |a slo 
044 |a SK 
245 1 0 |a Kórejskí manažéri: harmónia verzus temperament  |c Tomáš Borec 
520 |a Tradície kórejskej kultúry. Návod na komunikáciu s kórejskými manažérmi. Pohľad na základné rozdiely v komunikácii. 
610 2 0 |a komunikácia multikultúrna 
610 2 0 |a rokovania obchodné 
610 2 0 |a zvyklosti kultúrne 
610 2 0 |a Kórea 
610 2 0 |a komunikácia manažérska 
100 1 |a Borec, Tomáš